| 000 | 00676nam a2200193Ia 4500 | ||
|---|---|---|---|
| 999 |
_c41 _d28039 |
||
| 037 | _aIA 1348 60/A-B-C-D | ||
| 040 |
_aBC-ENSA _bfre |
||
| 041 |
_afre _bfre-ang-ara |
||
| 080 | _a63 | ||
| 100 | _aTOUMI, K. | ||
| 245 |
_aValeur alimentaire de la paille de blé dur et foin de luzerne chez le dromadaire Camelus dromaderius _cK. Toumi |
||
| 260 | _c1991 | ||
| 300 |
_bill., 41 tabl., 2 graph., 143 réf. _ap. _c30 cm |
||
| 541 | _cPROD-LOC | ||
| 562 | _e4 exemplaires | ||
| 942 | _c12 | ||
| 502 |
_aMém.-ing. : Agron. _bIngénieur _cENSA : département de Productions Animales _lEl Harrach |
||
| 653 | _aPAILLE DE BLE/FOIN/LUZERNE/DROMADAIRE/VALEUR NUTRITIVE/ALIMENTATION | ||